First-Level Subdivisions* of Benelux - Statistics

General Stats
  • This quiz has been taken 488 times
  • The average score is 25 of 43
Answers on the Map
Answers color-coded by a green-red scale on the quiz's map according to % correct below.
 
Answer Stats
Divisions % Correct
Brussels-Capital
96%
Luxembourg
96%
Luxembourg
96%
Curaçao
93%
Aruba
90%
Flanders
84%
Friesland
83%
North Holland
83%
South Holland
83%
Zealand
82%
Wallonia
81%
Bonaire
80%
Sint Maarten
80%
Utrecht
80%
Groningen
77%
Limburg
75%
Limburg
75%
North Brabant
75%
Antwerp
72%
Saba
68%
Liège
66%
Flevoland
64%
Sint Eustatius
62%
Gelderland
57%
Overijssel
56%
Drenthe
54%
Namur
51%
West Flanders
50%
East Flanders
49%
Esch-sur-Alzette
40%
Flemish Brabant
40%
Hainaut
40%
Walloon Brabant
37%
Diekirch
29%
Grevenmacher
23%
Clervaux
21%
Vianden
21%
Echternach
19%
Wiltz
19%
Capellen
18%
Mersch
17%
Remich
17%
Redange
15%
No matching quizzes found
Score Distribution
Percent of People with Each Score
Percentile by Number Answered
Your Score History
You have not taken this quiz